| 000 | 00561nam a2200241Ia 4500 | ||
|---|---|---|---|
| 008 | 171025s9999 xx 000 0 und d | ||
| 020 | _a978059092821x | ||
| 050 | _a793.8 | ||
| 050 | _bL852 1994 | ||
| 100 | _aLonge, Bob | ||
| 245 | _aEasy magic tricks / | ||
| 245 | _cby Bob Longe. | ||
| 260 | _aNew York : | ||
| 260 | _bScholastic, | ||
| 260 | _c1994 | ||
| 300 | _a127 pages : | ||
| 300 | _billustrations ; | ||
| 300 | _c19cm. | ||
| 650 | _aMagic tricks -- | ||
| 650 | _aMagic tricks. | ||
| 650 | _xJuvenile literature. | ||
| 700 | _aTitle. | ||
| 999 |
_c344923 _d344923 |
||